| 000 | 00000cam 2200000zi 4500 |
| 001 | 9.957545 |
| 003 | CaOODSP |
| 005 | 20260528141028 |
| 006 | m o d f |
| 007 | cr cn||||||||| |
| 008 | 251121t20252025onca obs f000 0 eng d |
| 020 | |a9780660798578 |
| 040 | |aCaOODSP|beng|erda|cCaOODSP |
| 043 | |an-cn--- |
| 045 | |ay1y2 |
| 086 | 1 |aT94-60/5-2024E-PDF |
| 245 | 00|aHomelessness data snapshot : |banalysis of chronic homelessness among shelter users in Canada 2017-2024. |
| 264 | 1|aOttawa, Ontario : |bHousing, Infrastructure and Communities Canada, |c[2025] |
| 264 | 4|c©2025 |
| 300 | |a1 online resource (11 pages) : |bcolour illustrations |
| 336 | |atext|btxt|2rdacontent |
| 337 | |acomputer|bc|2rdamedia |
| 338 | |aonline resource|bcr|2rdacarrier |
| 500 | |aIssued also in French under title: Aperçu des données sur l'itinérance : analyse de l'itinérance chronique parmi les utilisateurs de refuges au Canada de 2017 à 2024. |
| 504 | |aIncludes bibliographical references. |
| 520 | |a"Chronic homelessness generally refers to long periods of homelessness that are associated with greater risks of harm and difficulty accessing stable housing. Experiences of chronic homelessness are often compounded by challenges related to mental illness, substance use, or disabilities. For many communities, preventing and reducing chronic homelessness is a priority. This report provides an estimate and overview of chronic homelessness in Canada between 2017 and 2024. It also includes a demographic analysis of chronic homelessness in 2024, identifying the relative prevalence across specific populations"--Introduction, page 1. |
| 650 | 0|aHomelessness|zCanada|vStatistics. |
| 650 | 0|aHomeless persons|zCanada|vStatistics. |
| 650 | 0|aShelters for the homeless|zCanada|vStatistics. |
| 655 | 7|aStatistics|2lcgft |
| 710 | 1 |aCanada. |bHousing, Infrastructure and Communities Canada, |eissuing body. |
| 775 | 08|tAperçu des données sur l'itinérance : |w(CaOODSP)9.957546 |
| 795 | |tHomelessness data snapshot : |w(CaOODSP)9.947037 |
| 856 | 40|qPDF|s348 KB|uhttps://publications.gc.ca/collections/collection_2026/licc-hicc/T94-60-5-2024-eng.pdf |
| 856 | 4 |qHTML|sN/A|uhttps://housing-infrastructure.canada.ca/homelessness-sans-abri/reports-rapports/chronic-homelessness-2017-2024-litinerance-chronique-eng.html |